00301nam a2200121Ia 4500008004100000040001700041041001200058082001600070100002500086245001100111260004500122300001200167230917s9999||||xx |||||||||||||| ||und|| e138506aMAIN aEnglish a822.33 S15H aShakespeare, William 0aHamlet aGreat BritainbWordsworth classicsc1992 a191p p.